000 00856nam a2200253 a 4500
003 MX-MxUPN
005 20241001063946.0
008 991125s1930 sp r 000 0 spa d
035 _aUPN01000046671
040 _aMX-MxUPN
_bspa
_cMX-MxUPN
041 0 _aspa
050 4 _aLB1027
_bF4.68
100 1 _aFerriére, Adolphe,
_d1879-1960
_942134
245 1 0 _aProblemas de educación nueva
260 _aMadrid :
_bF. Beltrán,
_c1930.
300 _a348 páginas
490 0 _aActualidades pedagógicas
650 4 _aEducación
_xMetodología
_912791
650 4 _aEscuela activa
_94099
700 1 _aTomás y Samper, Rodolfo
_952205
_eprólogo
710 2 _aInstituto Nacional de Investigación Educativa (México)
_epropietario anterior
_928086
710 2 _aInstituto Nacional de Pedagogía (México)
_epropietario anterior
_928088
942 _2lcc
_cLIBRO
999 _c46671
_d46671